000 00558nam a22002057a 4500
999 _c6305
_d6305
003 OSt
005 20190905152716.0
008 190905b ||||| |||| 00| 0 eng d
020 _a9781292134147
040 _cDDC
082 _a546 HOU 2018
100 _aHousecroft, Catherine E.; Sharpe, A. G.
_912926
245 _aInorganic Chemistry
250 _a8th ed.
260 _aEngland;
_bPearson,
_c2018
300 _axli,1246p;
_bcol.ill:
_c28cm
504 _aAppendices, answers, & index included
650 _aInorganic chemistry
_9799
942 _2z
_cB_BANK